| 000 | 00933nam a2200277 a 4500 | ||
|---|---|---|---|
| 001 | 1325 | ||
| 003 | BR-CuiBMT | ||
| 005 | 20231205023717.0 | ||
| 008 | 231201s2013 dfba 001 0 por d | ||
| 020 | _a9788570185909 | ||
| 040 |
_aBR-CuiBMT _cBR-CuiBMT |
||
| 080 |
_a94 _x(81).044/.046 _22007 |
||
| 090 |
_a94(81).044/.046 _bF866v |
||
| 100 | 1 | _aFreitag-Rouanet, Barbara | |
| 245 | 1 | 0 |
_aViajando com Langsdorff / _cBarbara Freitag-Rouanet. |
| 260 |
_aBrasília : _bSenado Federal : _bConselho Editorial, _c2013. |
||
| 300 |
_a248 p. : _bil. color. ; _c23 cm |
||
| 490 | 1 |
_aColeção edições do Senado Federal ; _vv. 195 |
|
| 504 | _aInclui bibliografia e índice. | ||
| 600 | 1 |
_aLangsdorff, Grigory Ivanovitch, _d1774-1852 |
|
| 650 |
_aBrasil _xExpedição exploradora |
||
| 650 |
_aExpedição científica _zBrasil |
||
| 650 |
_aBrasil _xViagem _y1822-1829 |
||
| 830 | 0 |
_aEdições do Senado Federal ; _v195 |
|
| 942 |
_2udc _cLV |
||
| 999 |
_c1325 _d1325 |
||